000 00774nas a2200241 4500
001 BR8304710
003 BR-BrBNA
005 20231205085659.0
007 ta
008 230509b bl.|||p| |||| 00| 00por d
040 _aBR-BrBNA
_bpor
_cBiblioteca Nacional de Agricultura
041 _a(Pt)
072 _aF30
100 1 _aPagliarini, M.S.
245 1 _aCorrelacao entre frequencia de quiasmas e capacidade de combinacao em linhagens autofecundadas de milho (Zea mays L.): Uma analise previa [Brasil]
650 _aMILHO
650 _aQUIASMA
650 _aLINHAGEM
650 _aGENETICA VEGETAL
773 0 _tRevista UNIMAR (Brazil)
_xISSN 0100-9354
_g(Oct 1983), v. 5(1) p. 37-46
_wBR8304710
909 _a202311
_bLúcia
_c55
_dLúcia Elande
942 _2AGRIS
_n0
_cANA
999 _c113027
_d113027